000 00933cam a2200241 4500
001 ABS62834
008 000000n2000 000 0 eng u
035 _a(Sirsi) u108657
100 _aRichardson, C.
245 _aMoving structures
260 _c2000
490 _aArchitects' Journal
_v14 September 2000, 42-45(3)
520 _aSuggests that expectations of building performance have become unreasonably high and that many property owners are becoming too concerned with movement that doesn't actually threaten a building's use or safety. This article focuses on structural movement and discusses material decay, subsoil and foundations, instability and assessment of stability.
590 _aABS
650 _aSUBSIDENCE
650 _aMOVEMENT
650 _aBUILDING PERFORMANCE
650 _aSAFETY
650 _aINSTABILITY
650 _aDECAY
690 _aBUILT ENVIRONMENT-BUILDING INSPECTION
942 _n0
999 _c64871
_d64871